[Event "II Scaccomatto A"]
[Site "Torino ITA"]
[Date "1998.04.25"]
[Round "1"]
[White "Faraoni, Enrico"]
[Black "Romanishin, Oleg M."]
[Result "0-1"]
[WhiteElo "2190"]
[BlackElo "2570"]
[PlyCount "46"]
[EventDate "1998.04.25"]

1.e4 c5 2.Nf3 g6 3.c3 Bg7 4.d4 Qa5 5.dxc5 Qxc5 6.Be3 Qc7 7.Bd3 Nc6 8.Na3 
Nf6 9.Qd2 O-O 10.O-O d5 11.exd5 Nxd5 12.Bh6 Bg4 13.Nb5 Qb6 14.Bxg7 Kxg7 
15.Nfd4 Rad8 16.Qg5 Nf6 17.h3 Bc8 18.Rad1 Nxd4 19.Nxd4 Qxb2 20.Qe5 Rd5 21.
Qe1 e5 22.Bc4 exd4 23.Bxd5 Re8 0-1

[Event "II Scaccomatto A"]
[Site "Torino ITA"]
[Date "1998.04.25"]
[Round "1"]
[White "Luther, Thomas"]
[Black "Castaldo, Folco"]
[Result "1-0"]
[WhiteElo "2510"]
[BlackElo "2155"]
[PlyCount "85"]
[EventDate "1998.04.25"]

1.e4 e6 2.d4 d5 3.Nd2 c5 4.Ngf3 Nc6 5.exd5 exd5 6.Bb5 Bd6 7.O-O cxd4 8.Nb3
Ne7 9.Nbxd4 O-O 10.Be3 Bg4 11.h3 Bh5 12.Re1 a6 13.Be2 Bc7 14.Nxc6 bxc6 15.
Bc5 Bd6 16.Bxd6 Qxd6 17.Nh4 Bxe2 18.Qxe2 Ng6 19.Nxg6 Qxg6 20.Rad1 Qf6 21.
b3 h6 22.c4 d4 23.Qe5 Qxe5 24.Rxe5 Rfd8 25.Kf1 a5 26.Ke2 Re8 27.Rxe8+ 
Rxe8+ 28.Kd3 c5 29.a3 Rb8 30.Rb1 Kf8 31.b4 Ke7 32.Re1+ Kd7 33.bxc5 Rb3+ 
34.Kxd4 Rxa3 35.c6+ Kxc6 36.Re7 f6 37.Rxg7 Ra2 38.f3 Rd2+ 39.Kc3 Rd6 40.
Rg6 f5 41.Rxd6+ Kxd6 42.g4 fxg4 43.fxg4 1-0

[Event "II Scaccomatto A"]
[Site "Torino ITA"]
[Date "1998.04.25"]
[Round "1"]
[White "Malano, Francesco"]
[Black "Lanzani, Mario"]
[Result "0-1"]
[WhiteElo "2050"]
[BlackElo "2375"]
[PlyCount "114"]
[EventDate "1998.04.25"]

1.Nf3 Nf6 2.g3 g6 3.b3 Bg7 4.Bb2 O-O 5.Bg2 d6 6.d4 e5 7.dxe5 Ng4 8.O-O Nc6
9.c4 dxe5 10.e4 Qxd1 11.Rxd1 f6 12.Nc3 Be6 13.Nd5 Rac8 14.h3 Nh6 15.Ne1 
Kf7 16.Nc2 Rfd8 17.Rd3 Nb8 18.Rad1 c6 19.Nc3 Rxd3 20.Rxd3 Na6 21.Bf1 Bf8 
22.Kg2 Bc5 23.a3 Be7 24.Rd1 Nc5 25.Bc1 Ng8 26.b4 Nb3 27.Be3 c5 28.Nd5 Nd4 
29.Bxd4 cxd4 30.Rc1 f5 31.f3 Nf6 32.Bd3 Bxd5 33.exd5 e4 34.Bf1 Nxd5 35.
Nxd4 Ne3+ 36.Kf2 Nxf1 37.Kxf1 Rd8 38.Nb5 exf3 39.Rc3 a6 40.Nc7 Bf6 41.Rxf3
Rc8 42.Nd5 Rxc4 43.Nxf6 Kxf6 44.Ke2 Ke5 45.Rd3 b5 46.Kf3 g5 47.Ke3 h5 48.
Kf3 g4+ 49.hxg4 hxg4+ 50.Ke3 f4+ 51.Kf2 Rc2+ 52.Kf1 f3 53.Re3+ Kf5 54.Rd3 
Rg2 55.Rd6 Rxg3 56.Rxa6 Rh3 57.a4 g3 0-1

[Event "II Scaccomatto A"]
[Site "Torino ITA"]
[Date "1998.04.25"]
[Round "1"]
[White "Mastrorilli, Nicola"]
[Black "Spinelli, Doriano"]
[Result "0-1"]
[WhiteElo "1905"]
[BlackElo "2200"]
[PlyCount "58"]
[EventDate "1998.04.25"]

1.d4 h6 2.e4 g5 3.Bd3 Bg7 4.c3 c5 5.dxc5 Qc7 6.Be3 Nc6 7.Ne2 b6 8.Ng3 bxc5
9.Nf5 Be5 10.Bxc5 d6 11.Be3 Bxf5 12.exf5 Nf6 13.Bb5 Rb8 14.Qa4 Rxb5 15.
Qxb5 O-O 16.Qd3 Rb8 17.Nd2 Ng4 18.Nc4 Na5 19.Nxe5 Nxe5 20.Qd4 Nac6 21.Qe4 
d5 22.Qxd5 Rd8 23.Qe4 Nd3+ 24.Ke2 Qb7 25.Qa4 Qxb2+ 26.Kf3 Qxc3 27.Rad1 Rd4
28.Rxd3 Rxd3 29.Rc1 Qxc1 0-1

[Event "II Scaccomatto A"]
[Site "Torino ITA"]
[Date "1998.04.25"]
[Round "1"]
[White "Mollero, Michele"]
[Black "Velikov, Petar V."]
[Result "0-1"]
[WhiteElo "2135"]
[BlackElo "2475"]
[PlyCount "105"]
[EventDate "1998.04.25"]

1.d4 d5 2.c4 dxc4 3.Nf3 Nf6 4.e3 e6 5.Bxc4 a6 6.Qe2 c5 7.dxc5 Bxc5 8.O-O 
Nbd7 9.a3 b5 10.Ba2 Bb7 11.b4 Bd6 12.Bb2 Qb8 13.Nbd2 O-O 14.Rfd1 Ne5 15.
Nxe5 Bxe5 16.Nf1 Nd5 17.Rac1 Rd8 18.Bb1 Bxb2 19.Qxb2 Nb6 20.Qc2 g6 21.Qc3 
Rxd1 22.Rxd1 Nd5 23.Qb2 Qf8 24.e4 Nb6 25.Qd4 Nc4 26.Ne3 e5 27.Qd7 Nxe3 28.
fxe3 Bc8 29.Qc7 Bg4 30.Rf1 Qe8 31.Ba2 Be6 32.Bd5 Rc8 33.Qb7 Rc3 34.Qxa6 
Rxe3 35.Qa7 Rd3 36.Bxe6 Qxe6 37.Qb8+ Kg7 38.Qxb5 Rxa3 39.Qc5 Ra4 40.Qb5 
Ra2 41.Qc5 Rb2 42.h3 h5 43.Rf2 Rb3 44.Rd2 Kh7 45.Rf2 Kg7 46.Rd2 h4 47.Rd6 
Qe8 48.Ra6 Kh7 49.Ra7 Rb1+ 50.Kh2 Qe6 51.Qf8 Rf1 52.Qe7 Qxe7 53.Rxe7 0-1

[Event "II Scaccomatto A"]
[Site "Torino ITA"]
[Date "1998.04.25"]
[Round "1"]
[White "Mordiglia, Riccardo"]
[Black "Arlandi, Ennio"]
[Result "0-1"]
[WhiteElo "2115"]
[BlackElo "2425"]
[PlyCount "46"]
[EventDate "1998.04.25"]

1.Nc3 d5 2.e4 d4 3.Nce2 e5 4.Ng3 Be6 5.Nf3 f6 6.Bb5+ c6 7.Bd3 Nd7 8.O-O 
Nc5 9.Qe2 Nxd3 10.Qxd3 Qd7 11.Qe2 Bd6 12.c4 Ne7 13.d3 O-O 14.Bd2 b5 15.
cxb5 cxb5 16.Rfc1 a5 17.a3 b4 18.axb4 axb4 19.Qd1 Qb5 20.Ne1 b3 21.Rxa8 
Rxa8 22.Ra1 Ra2 23.Ne2 Rxb2 0-1

[Event "II Scaccomatto A"]
[Site "Torino ITA"]
[Date "1998.04.25"]
[Round "1"]
[White "Rossi, Carlo"]
[Black "Ravagnani, Tiziano"]
[Result "1-0"]
[WhiteElo "2330"]
[BlackElo "2015"]
[PlyCount "57"]
[EventDate "1998.04.25"]

1.e4 c5 2.Nf3 Nc6 3.Bb5 Qc7 4.O-O a6 5.Bxc6 Qxc6 6.d4 cxd4 7.Qxd4 e6 8.Nc3
Nf6 9.e5 Bc5 10.Qh4 Nd5 11.Ne4 Ne7 12.Re1 Nf5 13.Qf4 d5 14.exd6 Bxd6 15.
Qxf5 Bxh2+ 16.Kxh2 exf5 17.Nd6+ Kf8 18.Bf4 Be6 19.Rad1 h6 20.c4 Kg8 21.Nd4
Qb6 22.Kg1 Kh7 23.Nxe6 fxe6 24.Rxe6 Rad8 25.Rd3 Rd7 26.Rh3 Rhd8 27.Bxh6 
Rxd6 28.Be3+ Kg8 29.Bxb6 1-0

[Event "II Scaccomatto A"]
[Site "Torino ITA"]
[Date "1998.04.25"]
[Round "1"]
[White "Sacchini, Michele"]
[Black "Sebastianelli, Diego"]
[Result "0-1"]
[WhiteElo "2030"]
[BlackElo "2345"]
[PlyCount "72"]
[EventDate "1998.04.25"]

1.d4 e6 2.Nf3 c5 3.c4 cxd4 4.Nxd4 a6 5.Nc3 Nf6 6.e4 Bb4 7.Bd3 Nc6 8.Ne2 
Qc7 9.O-O Ne5 10.Bf4 Be7 11.Qc2 b6 12.Na4 d6 13.b4 Nxd3 14.Qxd3 Qc6 15.
Nac3 Bb7 16.b5 axb5 17.cxb5 Qd7 18.a4 O-O 19.Be3 Qd8 20.Nd4 Rc8 21.Rac1 
Nd7 22.Nf3 Nc5 23.Bxc5 Rxc5 24.Ne2 Qa8 25.Rc4 Rxc4 26.Qxc4 Rc8 27.Qd4 Bxe4
28.Ng3 Bxf3 29.gxf3 Qb7 30.Qg4 Qd5 31.h4 Rc4 32.f4 g6 33.h5 f5 34.Qh3 Kg7 
35.hxg6 hxg6 36.Kh2 Rxf4 0-1

[Event "II Scaccomatto A"]
[Site "Torino ITA"]
[Date "1998.04.25"]
[Round "1"]
[White "Sarno, Spartaco"]
[Black "Dubois, Martine"]
[Result "1-0"]
[WhiteElo "2375"]
[BlackElo "2060"]
[PlyCount "91"]
[EventDate "1998.04.25"]

1.e4 Nf6 2.d3 d5 3.Nd2 Nc6 4.Ngf3 e5 5.Be2 Be7 6.O-O O-O 7.c3 h6 8.Qc2 Be6
9.b4 a6 10.Bb2 d4 11.a3 dxc3 12.Bxc3 Nd7 13.Nc4 Bxc4 14.dxc4 Bf6 15.Rad1 
Re8 16.c5 Qe7 17.Bc4 Nd4 18.Bxd4 exd4 19.Rfe1 Ne5 20.Nxd4 Nxc4 21.Qxc4 Qe5
22.Nf3 Qc3 23.Qxc3 Bxc3 24.Re3 Rad8 25.Red3 Bf6 26.e5 Rxd3 27.Rxd3 Bxe5 
28.Rd7 Kf8 29.Kf1 Bb2 30.Rxc7 Re7 31.Rxe7 Kxe7 32.a4 Ba3 33.c6 bxc6 34.Ne5
c5 35.b5 axb5 36.axb5 Kd8 37.Nxf7+ Kc7 38.Ne5 Bc1 39.Nc4 Bg5 40.Ke2 Bf6 
41.Kd3 Kb7 42.Ke4 Kc7 43.f4 Kb7 44.g4 Kc7 45.Kf5 Bd4 46.h4 1-0

[Event "II Scaccomatto A"]
[Site "Torino ITA"]
[Date "1998.04.25"]
[Round "1"]
[White "Sedina, Elena"]
[Black "Fittante, Giuliana"]
[Result "1-0"]
[WhiteElo "2380"]
[BlackElo "2095"]
[PlyCount "97"]
[EventDate "1998.04.25"]

1.e4 e5 2.Nf3 Nf6 3.Nc3 Bb4 4.Nxe5 O-O 5.Nd3 Bxc3 6.dxc3 Nxe4 7.Be2 d5 8.
O-O Bf5 9.Nf4 c6 10.Be3 h6 11.c4 dxc4 12.Bxc4 Nd7 13.f3 Ne5 14.Bb3 Nf6 15.
Bc5 Re8 16.Qxd8 Raxd8 17.Bxa7 g5 18.Ne2 Rd2 19.Ng3 Bxc2 20.Be3 Rd3 21.Bxc2
Rxe3 22.Nf5 Re2 23.Nxh6+ Kg7 24.Nf5+ Kf8 25.Rf2 Rxf2 26.Kxf2 Nd5 27.Rd1 
Nb4 28.Bb1 Nd5 29.Rd4 f6 30.g3 Ra8 31.a3 Ra5 32.Ba2 Rc5 33.Rd2 b6 34.h4 
gxh4 35.gxh4 Rc1 36.Bxd5 cxd5 37.Kg2 Kf7 38.h5 Rc5 39.Kf2 Rc1 40.Rxd5 Rc2+
41.Kg3 Ke6 42.Nd4+ Kxd5 43.Nxc2 Kc4 44.Ne3+ Kb3 45.h6 Nf7 46.h7 Kxb2 47.
Kf4 b5 48.Kf5 Kxa3 49.Kxf6 1-0

[Event "II Scaccomatto A"]
[Site "Torino ITA"]
[Date "1998.04.25"]
[Round "1"]
[White "Squarci, Franco"]
[Black "Racioppo, Paolo"]
[Result "0-1"]
[WhiteElo "1948"]
[BlackElo "2235"]
[PlyCount "108"]
[EventDate "1998.04.25"]

1.d4 f5 2.Nf3 d6 3.g3 Nf6 4.Bg2 g6 5.c4 Bg7 6.O-O O-O 7.Nc3 Nc6 8.a3 a6 9.
e3 Qe8 10.Ne2 e5 11.d5 Nd8 12.b4 h6 13.Bb2 g5 14.Qc2 Bd7 15.Nc3 Qh5 16.h4 
e4 17.Nh2 gxh4 18.Qd1 hxg3 19.fxg3 Nf7 20.Ra2 Ne5 21.Qxh5 Nxh5 22.Ne2 Nxc4
23.Bxg7 Kxg7 24.Rc1 b5 25.Kf2 a5 26.bxa5 Rxa5 27.Nd4 Nf6 28.Bf1 Nxd5 29.
Bxc4 bxc4 30.Rxc4 Rfa8 31.a4 Kf6 32.Nc6 Bxc6 33.Rxc6 Rxa4 34.Re2 Ra2 35.
Rcc2 Rxc2 36.Rxc2 c5 37.g4 Nb4 38.Rd2 Ra2 39.Rxa2 Nxa2 40.gxf5 Kxf5 41.Nf1
d5 42.Nd2 Nc1 43.Nb1 d4 44.Nd2 Nd3+ 45.Ke2 h5 46.Nb3 Ke5 47.Nd2 h4 48.Nc4+
Ke6 49.Nd2 Kf5 50.Nc4 h3 51.Nd2 h2 52.Nf1 h1=N 53.Nd2 Ng3+ 54.Kd1 dxe3 0-1

[Event "II Scaccomatto A"]
[Site "Torino ITA"]
[Date "1998.04.25"]
[Round "1"]
[White "Sulava, Nenad"]
[Black "Crea, Vincenzo"]
[Result "1/2-1/2"]
[WhiteElo "2450"]
[BlackElo "2120"]
[PlyCount "133"]
[EventDate "1998.04.25"]

1.d4 d5 2.c4 c6 3.Nf3 Nf6 4.Nc3 a6 5.cxd5 cxd5 6.Bf4 Nc6 7.Rc1 e6 8.e3 Be7
9.h3 Bd7 10.Bd3 Rc8 11.O-O O-O 12.Qe2 Na5 13.Ne5 Be8 14.Bg5 Nc6 15.f4 Nd7 
16.Nxc6 Rxc6 17.Bxe7 Qxe7 18.e4 Qb4 19.exd5 exd5 20.Qf2 Nf6 21.a3 Qa5 22.
Rce1 Rd6 23.Re5 Bc6 24.Ne2 Qd2 25.Qe3 Qxe3+ 26.Rxe3 Ne4 27.f5 Nd2 28.Re1 
Rfd8 29.Re7 Kf8 30.Rc7 Re8 31.Nf4 Nb3 32.Rd1 Re7 33.Rc8+ Re8 34.Rc7 Re7 
35.Rc8+ Re8 36.Rxe8+ Kxe8 37.Bc2 Na5 38.b3 g6 39.Kf2 Bd7 40.fxg6 hxg6 41.
h4 Bg4 42.Re1+ Kf8 43.Kg3 Bd7 44.Re2 Nc6 45.Rd2 Ne7 46.Kf2 Bf5 47.Bxf5 
Nxf5 48.g4 Nxh4 49.Rc2 g5 50.Rc8+ Ke7 51.Nd3 Kd7 52.Rg8 Ng6 53.Ke3 b6 54.
Ne5+ Nxe5 55.dxe5 Rc6 56.Kd4 Ke6 57.Re8+ Kd7 58.Ra8 a5 59.Kxd5 Rc5+ 60.Kd4
Rb5 61.b4 axb4 62.axb4 Rxb4+ 63.Kd5 Rxg4 64.Ra7+ Ke8 65.e6 fxe6+ 66.Kxe6 
Re4+ 67.Kf5 1/2-1/2

[Event "II Scaccomatto A"]
[Site "Torino ITA"]
[Date "1998.04.25"]
[Round "1"]
[White "Valenti, Giuseppe"]
[Black "Magnifico, Giuseppe"]
[Result "0-1"]
[WhiteElo "2210"]
[BlackElo "1906"]
[PlyCount "100"]
[EventDate "1998.04.25"]

1.e4 d6 2.d4 Nf6 3.Nc3 g6 4.Bg5 Bg7 5.f3 c6 6.Qd2 Nbd7 7.O-O-O Qa5 8.Bc4 
b5 9.Bb3 b4 10.Nb1 h6 11.Be3 Qb5 12.c4 bxc3 13.Nxc3 Qa5 14.Nge2 Rb8 15.f4 
Ng4 16.Bg1 h5 17.h3 Ngf6 18.e5 Nd5 19.Nxd5 Qxd2+ 20.Rxd2 cxd5 21.Bxd5 e6 
22.Bb3 d5 23.Rc2 O-O 24.g4 hxg4 25.hxg4 Ba6 26.Nc3 Rfc8 27.Rh3 Bf1 28.Rf3 
Bc4 29.Bxc4 Rxc4 30.Be3 Rbc8 31.f5 Bxe5 32.Rh3 Bg7 33.Rg2 e5 34.Kd1 exd4 
35.Nxd5 dxe3 36.Ne7+ Kf8 37.Nxc8 Rxc8 38.Rxe3 Ne5 39.fxg6 Rd8+ 40.Ke2 Nxg6
41.Kf3 Nh4+ 42.Kg3 Nxg2 43.Kxg2 Rd2+ 44.Kf3 Rxb2 45.Ra3 Bd4 46.Ke4 Bb6 47.
Kf5 Kg7 48.Ra4 Rb5+ 49.Ke4 Kg6 50.Kf3 Ra5 0-1

[Event "II Scaccomatto A"]
[Site "Torino ITA"]
[Date "1998.04.26"]
[Round "2"]
[White "Arlandi, Ennio"]
[Black "Sedina, Elena"]
[Result "1/2-1/2"]
[WhiteElo "2425"]
[BlackElo "2380"]
[PlyCount "56"]
[EventDate "1998.04.25"]

1.d4 Nf6 2.c4 c5 3.d5 b5 4.cxb5 a6 5.bxa6 g6 6.Nc3 Bxa6 7.e4 Bxf1 8.Kxf1 
d6 9.Nf3 Bg7 10.g3 O-O 11.Kg2 Nbd7 12.Re1 Qc7 13.h3 Rfb8 14.Re2 Rb4 15.Bf4
Qb7 16.Qc2 Ne8 17.Rd1 Nc7 18.Qc1 Nb5 19.a3 Nxc3 20.bxc3 Rb3 21.e5 dxe5 22.
Nxe5 Nxe5 23.Bxe5 Bxe5 24.Rxe5 Raxa3 25.Qe3 Rxc3 26.Rxe7 Rxe3 27.Rxb7 Red3
28.Rxd3 Rxd3 1/2-1/2

[Event "II Scaccomatto A"]
[Site "Torino ITA"]
[Date "1998.04.26"]
[Round "2"]
[White "Astengo, Corrado"]
[Black "Squarci, Franco"]
[Result "1/2-1/2"]
[WhiteElo "2180"]
[BlackElo "1948"]
[PlyCount "21"]
[EventDate "1998.04.25"]

1.e4 Nf6 2.e5 Nd5 3.d4 d6 4.Be2 Bf5 5.Nf3 Nc6 6.exd6 exd6 7.O-O Be7 8.c4 
Ndb4 9.Nc3 O-O 10.a3 Na6 11.b4 1/2-1/2

[Event "II Scaccomatto A"]
[Site "Torino ITA"]
[Date "1998.04.26"]
[Round "2"]
[White "Castaldo, Folco"]
[Black "Mastrorilli, Nicola"]
[Result "1-0"]
[WhiteElo "2155"]
[BlackElo "1905"]
[PlyCount "117"]
[EventDate "1998.04.25"]

1.e4 c5 2.c3 d5 3.exd5 Qxd5 4.d4 Nf6 5.Nf3 cxd4 6.cxd4 g6 7.Nc3 Qd8 8.Bc4 
Bg7 9.Ne5 O-O 10.Qb3 e6 11.Be3 Nc6 12.Nxc6 bxc6 13.O-O Nd5 14.Ne2 Qb6 15.
Rac1 Ba6 16.Qa3 Bb5 17.Bxb5 cxb5 18.Rc5 Rfc8 19.Rfc1 Qb7 20.Qb3 a6 21.a4 
Rxc5 22.Rxc5 Bf8 23.Rc1 Bg7 24.h3 Rb8 25.axb5 axb5 26.Nc3 Nxe3 27.fxe3 Rc8
28.Qd1 Qb6 29.Ne4 Rxc1 30.Qxc1 Qb7 31.Nc5 Qc6 32.Qc3 Qc7 33.Kf2 Bf8 34.Ne4
Qxc3 35.Nxc3 b4 36.Ne2 Bd6 37.e4 Bc7 38.b3 Bb6 39.Ke3 e5 40.Kd3 exd4 41.
Nxd4 Kg7 42.Nc6 Kf6 43.Nxb4 Ke5 44.Nd5 Ba7 45.Nc3 f5 46.exf5 Kxf5 47.b4 g5
48.Ne4 Kf4 49.g3+ Kf3 50.Nxg5+ Kxg3 51.Nxh7 Kxh3 52.b5 Kg4 53.Ke4 Bb6 54.
Nf6+ Kg5 55.Nd7 Ba7 56.Ke5 Kg6 57.Kd6 Kf7 58.Kc7 Ke7 59.Nb6 1-0

[Event "II Scaccomatto A"]
[Site "Torino ITA"]
[Date "1998.04.26"]
[Round "2"]
[White "Cebalo, Miso"]
[Black "Rossi, Carlo"]
[Result "1-0"]
[WhiteElo "2515"]
[BlackElo "2330"]
[PlyCount "65"]
[EventDate "1998.04.25"]

1.d4 Nf6 2.Nf3 e6 3.c4 Bb4+ 4.Nbd2 O-O 5.a3 Be7 6.g3 a6 7.Bg2 b5 8.b3 Bb7 
9.Bb2 c5 10.dxc5 Bxc5 11.O-O Be7 12.b4 a5 13.cxb5 axb4 14.a4 d5 15.Ne5 
Nbd7 16.Nb3 Nxe5 17.Bxe5 Nd7 18.Bd4 e5 19.Be3 Nf6 20.Bg5 Rc8 21.a5 h6 22.
Bxf6 Bxf6 23.e3 Rc3 24.Re1 e4 25.Bf1 Qd6 26.b6 Rxb3 27.Qxb3 d4 28.Bc4 dxe3
29.fxe3 Bc8 30.Rad1 Qc5 31.Rd5 Qc6 32.Qxb4 Bg4 33.b7 1-0

[Event "II Scaccomatto A"]
[Site "Torino ITA"]
[Date "1998.04.26"]
[Round "2"]
[White "Crea, Vincenzo"]
[Black "Valenti, Giuseppe"]
[Result "0-1"]
[WhiteElo "2120"]
[BlackElo "2210"]
[PlyCount "32"]
[EventDate "1998.04.25"]

1.d4 Nf6 2.Nf3 b6 3.Bf4 Bb7 4.e3 h6 5.Nbd2 Nh5 6.Ne5 Nxf4 7.exf4 d6 8.Ng4 
e6 9.c3 Nd7 10.Ne3 Qf6 11.Qg4 g6 12.Bd3 h5 13.Qg5 Bh6 14.Qxf6 Nxf6 15.O-O 
Bxf4 16.a4 Ng4 0-1

[Event "II Scaccomatto A"]
[Site "Torino ITA"]
[Date "1998.04.26"]
[Round "2"]
[White "Faraoni, Enrico"]
[Black "Malano, Francesco"]
[Result "1-0"]
[WhiteElo "2190"]
[BlackElo "2050"]
[PlyCount "61"]
[EventDate "1998.04.25"]

1.e4 c5 2.Nf3 Nc6 3.Bb5 d6 4.d4 cxd4 5.Qxd4 Bd7 6.Bxc6 Bxc6 7.Nc3 Nf6 8.
Bg5 e6 9.O-O-O Be7 10.Qd3 a6 11.Nd4 Rc8 12.f3 O-O 13.h4 Nd7 14.Bxe7 Qxe7 
15.Nb3 Nc5 16.Qxd6 Nxb3+ 17.axb3 Qf6 18.Qd4 Qg6 19.g4 f5 20.gxf5 exf5 21.
Rhg1 Qh6+ 22.Kb1 fxe4 23.Rxg7+ Qxg7 24.Rg1 Qxg1+ 25.Qxg1+ Kf7 26.fxe4 Rce8
27.Qg5 Re6 28.Qf5+ Ke7 29.Qxh7+ Rf7 30.Qh5 Bxe4 31.Qc5+ 1-0

[Event "II Scaccomatto A"]
[Site "Torino ITA"]
[Date "1998.04.26"]
[Round "2"]
[White "Fittante, Giuliana"]
[Black "Sacchini, Michele"]
[Result "1-0"]
[WhiteElo "2095"]
[BlackElo "2030"]
[PlyCount "53"]
[EventDate "1998.04.25"]

1.Nf3 c5 2.e3 Nf6 3.d4 e6 4.Bd3 Be7 5.c3 O-O 6.Nbd2 b6 7.Qe2 Bb7 8.e4 cxd4
9.cxd4 d6 10.O-O Nbd7 11.e5 dxe5 12.dxe5 Nd5 13.Ne4 Nb4 14.Bc4 Qc7 15.Bf4 
Rac8 16.Rac1 Bxe4 17.Qxe4 Nc5 18.Qe2 Qb7 19.a3 Nd5 20.Bg3 a6 21.b4 b5 22.
Bxd5 exd5 23.bxc5 Bxc5 24.Qd3 h6 25.Rfd1 Rfd8 26.Nd4 Qb6 27.h3 1-0

[Event "II Scaccomatto A"]
[Site "Torino ITA"]
[Date "1998.04.26"]
[Round "2"]
[White "Lampic, Teo"]
[Black "David, Alberto"]
[Result "0-1"]
[WhiteElo "2295"]
[BlackElo "2525"]
[PlyCount "52"]
[EventDate "1998.04.25"]

1.e4 c5 2.c3 Nf6 3.e5 Nd5 4.d4 cxd4 5.cxd4 g6 6.Bc4 Nb6 7.Bb3 Bg7 8.a4 a5 
9.f4 d6 10.Nf3 dxe5 11.fxe5 O-O 12.Nc3 Nc6 13.Be3 Nb4 14.O-O N6d5 15.Bf2 
Bh6 16.Ra3 Be6 17.Ne4 b6 18.Nfg5 Rc8 19.Qf3 Qd7 20.Qg3 Bf5 21.Qh4 Kg7 22.
Bd1 f6 23.g4 Bxg5 24.Nxg5 fxg5 25.Qxg5 h6 26.Qh4 g5 0-1

[Event "II Scaccomatto A"]
[Site "Torino ITA"]
[Date "1998.04.26"]
[Round "2"]
[White "Lanzani, Mario"]
[Black "Magnifico, Giuseppe"]
[Result "1-0"]
[WhiteElo "2375"]
[BlackElo "1906"]
[PlyCount "91"]
[EventDate "1998.04.25"]

1.e4 d6 2.d4 Nf6 3.Nc3 g6 4.Nf3 Bg7 5.Be2 O-O 6.O-O Nc6 7.d5 Nb4 8.Be3 c6 
9.a3 Na6 10.Bxa6 bxa6 11.dxc6 Re8 12.Qd3 Qc7 13.Qc4 e6 14.Bd4 e5 15.Be3 
Bb7 16.Nd5 Qxc6 17.Qxc6 Bxc6 18.Nc7 Bxe4 19.Nxe8 Nxe8 20.c4 Bd3 21.Rfc1 f5
22.Ne1 Be4 23.f3 Bc6 24.Rab1 f4 25.Bd2 g5 26.Bc3 h5 27.Nd3 e4 28.Nb4 Bb7 
29.fxe4 Bxe4 30.Ra1 Nc7 31.Bxg7 Kxg7 32.Re1 Re8 33.Rad1 a5 34.Rxd6 axb4 
35.Rd7+ Kf6 36.Rxc7 bxa3 37.bxa3 a5 38.Rc5 a4 39.Ra5 Bc6 40.Rxe8 Bxe8 41.
Kf2 g4 42.Ra8 Bd7 43.Rh8 Kg6 44.Rd8 Bf5 45.c5 Be4 46.c6 1-0

[Event "II Scaccomatto A"]
[Site "Torino ITA"]
[Date "1998.04.26"]
[Round "2"]
[White "Racioppo, Paolo"]
[Black "Luther, Thomas"]
[Result "0-1"]
[WhiteElo "2235"]
[BlackElo "2510"]
[PlyCount "82"]
[EventDate "1998.04.25"]

1.e4 c5 2.Nf3 e6 3.d3 d5 4.Nbd2 Nc6 5.g3 Bd6 6.Bg2 Nge7 7.O-O O-O 8.Re1 
Bc7 9.c3 Rb8 10.a4 b6 11.exd5 exd5 12.Nb3 h6 13.d4 c4 14.Nbd2 Be6 15.b3 
cxb3 16.Nxb3 Re8 17.Nfd2 Rc8 18.Nf1 Nf5 19.c4 Qd7 20.c5 Bd8 21.Be3 Bf6 22.
Rc1 Nce7 23.Re2 Qxa4 24.Ra1 Qd7 25.Rea2 Nc6 26.Qd2 Qd8 27.h4 bxc5 28.Nxc5 
Ncxd4 29.Nxe6 Nxe6 30.Rd1 d4 31.Bf4 Ne7 32.Nh2 Ng6 33.Bxh6 gxh6 34.Ng4 Bg7
35.Rxa7 Re7 36.Ra5 Nc5 37.h5 Nb3 38.Nxh6+ Kf8 39.Qd3 Qxa5 40.hxg6 Bxh6 41.
Qxb3 fxg6 0-1

[Event "II Scaccomatto A"]
[Site "Torino ITA"]
[Date "1998.04.26"]
[Round "2"]
[White "Ragni, Paolo"]
[Black "Mordiglia, Riccardo"]
[Result "1/2-1/2"]
[WhiteElo "2028"]
[BlackElo "2115"]
[PlyCount "67"]
[EventDate "1998.04.25"]

1.e4 d5 2.exd5 Nf6 3.d4 Nxd5 4.c4 Nb6 5.Nc3 e5 6.c5 exd4 7.cxb6 dxc3 8.
Qxd8+ Kxd8 9.bxc7+ Kxc7 10.Bf4+ Bd6 11.Bxd6+ Kxd6 12.O-O-O+ Ke7 13.b3 Be6 
14.Ne2 Rc8 15.Nd4 Nc6 16.Nxe6 fxe6 17.a3 e5 18.Bc4 b5 19.Bd5 b4 20.Rhe1 
bxa3 21.Bxc6 Rxc6 22.Rxe5+ Kf6 23.Re2 Rb8 24.Kc2 Rcb6 25.Re3 Rxb3 26.Rd6+ 
Kf5 27.Rd5+ Kf6 28.Rd6+ Kf7 29.Rd7+ Kf8 30.Rxa7 Rb2+ 31.Kxc3 R8b3+ 32.Kd4 
Rxe3 33.Kxe3 a2 34.h4 1/2-1/2

[Event "II Scaccomatto A"]
[Site "Torino ITA"]
[Date "1998.04.26"]
[Round "2"]
[White "Ranieri, Fabrizio"]
[Black "Burlando, Alessandro"]
[Result "1/2-1/2"]
[WhiteElo "2195"]
[BlackElo "2112"]
[PlyCount "43"]
[EventDate "1998.04.25"]

1.e4 e6 2.d4 d5 3.Nc3 Bb4 4.e5 c5 5.a3 Bxc3+ 6.bxc3 Ne7 7.Qg4 cxd4 8.Qxg7 
Rg8 9.Qxh7 Qc7 10.Ne2 Nbc6 11.f4 Bd7 12.Qd3 dxc3 13.Rb1 Nf5 14.h3 a6 15.g4
Nfe7 16.Be3 b5 17.Qxc3 Rc8 18.a4 d4 19.Bxd4 Nxd4 20.Qxd4 Qxc2 21.Rc1 Qxa4 
22.Qxa4 1/2-1/2

[Event "II Scaccomatto A"]
[Site "Torino ITA"]
[Date "1998.04.26"]
[Round "2"]
[White "Ravagnani, Tiziano"]
[Black "Mollero, Michele"]
[Result "0-1"]
[WhiteElo "2015"]
[BlackElo "2135"]
[PlyCount "116"]
[EventDate "1998.04.25"]

1.e4 Nf6 2.Nc3 d6 3.d4 g6 4.Be2 Bg7 5.Be3 O-O 6.Qd2 c6 7.h3 Qc7 8.Nf3 Nbd7
9.O-O b5 10.Bd3 Bb7 11.a3 a6 12.Rfe1 c5 13.Bh6 cxd4 14.Bxg7 Kxg7 15.Nxd4 
Ne5 16.Rad1 Rac8 17.Qe3 Qc5 18.Bf1 Nc6 19.Nd5 Nxd4 20.Qxd4 Qxd4 21.Rxd4 
Rxc2 22.Nxf6 Kxf6 23.Rb4 Bc6 24.Bd3 Rd2 25.Rb3 Rc8 26.Rc1 Bd5 27.Rbc3 Rxc3
28.Rxc3 Be6 29.b4 Rb2 30.f4 g5 31.f5 Rb3 32.e5+ dxe5 33.Rc6 Rxd3 34.fxe6 
Rxa3 35.exf7+ Kxf7 36.Rh6 Kg7 37.Re6 Ra4 38.Rxe7+ Kf6 39.Rxh7 Rxb4 40.Rh6+
Kf5 41.Rxa6 Rb1+ 42.Kf2 Rb2+ 43.Kf1 Ke4 44.Rg6 Ke3 45.Kg1 Kf4 46.Rf6+ Ke4 
47.Rg6 Kf5 48.Rg8 b4 49.Rf8+ Ke4 50.Rg8 b3 51.Rxg5 Rb1+ 52.Kf2 b2 53.Rg4+ 
Kd3 54.Rb4 e4 55.Rb3+ Kd2 56.Rb7 e3+ 57.Kg3 e2 58.Rd7+ Kc3 0-1

[Event "II Scaccomatto A"]
[Site "Torino ITA"]
[Date "1998.04.26"]
[Round "2"]
[White "Romanishin, Oleg M."]
[Black "Sarno, Spartaco"]
[Result "1-0"]
[WhiteElo "2570"]
[BlackElo "2375"]
[PlyCount "81"]
[EventDate "1998.04.25"]

1.d4 d6 2.g3 g6 3.Bg2 Bg7 4.Nf3 Nf6 5.O-O O-O 6.c4 Nc6 7.Nc3 e5 8.d5 Ne7 
9.a4 Ne8 10.a5 h6 11.Nd2 f5 12.c5 g5 13.Nc4 Ng6 14.cxd6 cxd6 15.Nb5 f4 16.
Qd3 Rf6 17.Bd2 Bf8 18.Nc3 Nh8 19.Ne4 Rg6 20.Kh1 Bf5 21.gxf4 gxf4 22.Bh3 
Bxh3 23.Qxh3 Rc8 24.b3 Rc7 25.Rg1 Rcg7 26.Rxg6 Rxg6 27.Rg1 Rxg1+ 28.Kxg1 
Qe7 29.Bb4 Qg7+ 30.Kf1 Qg6 31.f3 Nf7 32.Qc8 Ng5 33.Nexd6 e4 34.Qxe8 Qxe8 
35.Nxe8 Bxb4 36.Nf6+ Kf7 37.Nxe4 Nxe4 38.fxe4 Kf6 39.Kg2 b5 40.axb6 axb6 
41.Nxb6 1-0

[Event "II Scaccomatto A"]
[Site "Torino ITA"]
[Date "1998.04.26"]
[Round "2"]
[White "Sebastianelli, Diego"]
[Black "Dorfman, Iossif D."]
[Result "0-1"]
[WhiteElo "2345"]
[BlackElo "2600"]
[PlyCount "54"]
[EventDate "1998.04.25"]

1.e4 c5 2.Nf3 d6 3.d4 cxd4 4.Nxd4 Nf6 5.Nc3 a6 6.Be3 e5 7.Nf3 Be7 8.a4 O-O
9.Bc4 Be6 10.Bb3 Nc6 11.O-O Na5 12.Bxe6 fxe6 13.Qd3 Rc8 14.Rad1 h6 15.Qe2 
Qe8 16.Nd2 d5 17.Bb6 Bb4 18.f4 exf4 19.exd5 exd5 20.Qxe8 Rfxe8 21.Rxf4 
Bxc3 22.bxc3 Nc6 23.Nf3 Re4 24.Rxe4 dxe4 25.Nh4 Ne7 26.Bd4 Nfd5 27.Rb1 g5 
0-1

[Event "II Scaccomatto A"]
[Site "Torino ITA"]
[Date "1998.04.26"]
[Round "2"]
[White "Spinelli, Doriano"]
[Black "Barbiso, Tiziana"]
[Result "1-0"]
[WhiteElo "2200"]
[BlackElo "1840"]
[PlyCount "79"]
[EventDate "1998.04.25"]

1.e4 e6 2.b3 d5 3.Bb2 dxe4 4.Nc3 Nf6 5.Qe2 Bd7 6.Nxe4 Nxe4 7.Qxe4 Bc6 8.
Qg4 Nd7 9.Nf3 Nf6 10.Qh3 Bd6 11.Bc4 Qe7 12.Nd4 Bd7 13.Qf3 c6 14.O-O O-O 
15.Rfe1 Qd8 16.Bd3 Qa5 17.Qh3 Qh5 18.Qxh5 Nxh5 19.g3 Rfe8 20.Nf3 Nf6 21.
Rad1 Nd5 22.c4 Nb4 23.Bb1 Rad8 24.a3 Na6 25.b4 c5 26.b5 Nb8 27.Ng5 h6 28.
Ne4 Bf8 29.d4 b6 30.dxc5 bxc5 31.Be5 f5 32.Nc3 Re7 33.Na4 Rf7 34.Rd2 Rc8 
35.Red1 a6 36.Bxb8 Rxb8 37.Rxd7 Rxd7 38.Rxd7 axb5 39.cxb5 Rxb5 40.Ba2 1-0